| 000 | 00540nam a2200205Ia 4500 | ||
|---|---|---|---|
| 005 | 20251118135457.0 | ||
| 008 | 230125s9999 xx 000 0 und d | ||
| 020 | _a81-315-0435-2 | ||
| 041 | _aeng | ||
| 082 |
_a158.1 _bWAL/MAS |
||
| 100 |
_aWallace H R _9215033 |
||
| 245 | _aPersonality Development | ||
| 260 |
_c2008 _bCengage Learning _aNew Delhi |
||
| 300 | _a310p | ||
| 500 | _aPersonality Development, | ||
| 650 |
_aPersonality Development _9213420 |
||
| 700 |
_aWallace H R & Masters A _9215034 |
||
| 906 | _b64 | ||
| 942 | _cBK | ||
| 999 |
_c88976 _d88976 |
||